[Event "Yvelines-ch"]
[Site "Fontenay le Fleury"]
[Date "2003.02.15"]
[Round "6.37"]
[White "Rufi, Pascal"]
[Black "Tromas, Eric"]
[Result "1-0"]
[WhiteElo "1499"]
[BlackElo "1120"]
[PlyCount "97"]
[EventDate "2003.02.17"]
[EventType "swiss"]
[EventRounds "7"]
[EventCountry "FRA"]
[SourceTitle "EXT 2004"]
[Source "ChessBase"]
[SourceDate "2003.11.25"]
[SourceVersion "1"]
[SourceVersionDate "2003.11.25"]
[SourceQuality "1"]

1. e4 c5 2. Nc3 d6 3. f4 Nc6 4. Nf3 e5 5. d3 g6 6. Nd5 Bg7 7. Be3 exf4 8. Bxf4 Bxb2 9. Rb1 Bg7 10. Be2 Nf6 11. Bg5 h6 12. Bxf6 Bxf6 13. 0-0 0-0 14. Nd2 Bd4+ 15. Kh1 Be6 16. Rxb7 Bxd5 17. exd5 Nb4 18. c3 Bxc3 19. Ne4 Nxd5 20. Qb3 c4 21. Qxc4 Ne3 22. Qxc3 Nxf1 23. Bxf1 f6 24. Qc4+ d5 25. Qb3 Kh8 26. Nc5 Re8 27. g3 Rc8 28. d4 Rc7 29. Rxc7 Qxc7 30. Qxd5 Qa5 31. Qf3 Qd8 32. Bc4 Qxd4 33. Ne6 Qe5 34. Nf4 Kh7 35. Bd3 f5 36. g4 Rf8 37. Qb7+ Qg7 38. Qxg7+ Kxg7 39. gxf5 gxf5 40. Ne6+ Kf7 41. Nxf8 Kxf8 42. Bxf5 Kf7 43. Bd3 Kf6 44. Kg2 Kg5 45. Kg3 h5 46. h4+ Kh6 47. Be2 Kg6 48. Kf3 Kh6 49. Ke3 1-0

[Event "Yvelines-ch"]
[Site "Fontenay le Fleury"]
[Date "2003.02.08"]
[Round "2.27"]
[White "Rufi, Pascal"]
[Black "Filain, Georges"]
[Result "0-1"]
[WhiteElo "1499"]
[BlackElo "1710"]
[PlyCount "74"]
[EventDate "2003.02.17"]
[EventType "swiss"]
[EventRounds "7"]
[EventCountry "FRA"]
[SourceTitle "EXT 2004"]
[Source "ChessBase"]
[SourceDate "2003.11.25"]
[SourceVersion "1"]
[SourceVersionDate "2003.11.25"]
[SourceQuality "1"]

1. e4 d5 2. Nc3 d4 3. Nce2 e5 4. d3 c5 5. c3 Nf6 6. Bg5 Be7 7. Bxf6 Bxf6 8. Nf3 Nc6 9. cxd4 cxd4 10. Ng3 Be6 11. Qa4 0-0 12. Be2 Qb6 13. 0-0 Rac8 14. Rac1 Qb4 15. Qxb4 Nxb4 16. Rxc8 Rxc8 17. a3 Na2 18. Nh5 Rc2 19. Nxf6+ gxf6 20. Re1 Rxb2 21. h3 Nc3 22. Kf1 Ra2 23. g4 h6 24. Nh4 Rxa3 25. Nf5 Bxf5 26. gxf5 b5 27. f3 b4 28. Bd1 Nxd1 29. Rxd1 a5 30. Ke2 Ra2+ 31. Rd2 Rxd2+ 32. Kxd2 Kf8 33. Kc2 Ke7 34. Kb3 Kd6 35. Ka4 Kc5 36. Kxa5 b3 37. Ka4 b2 0-1